| 000 | 00919nam a2200217 i 4500 | ||
|---|---|---|---|
| 001 | 39853 | ||
| 003 | ES-MaACL | ||
| 005 | 20250816063224.0 | ||
| 007 | t| | ||
| 008 | 030304s1910 fr ||||1| fre d | ||
| 100 | 1 |
_aCannan, Edwin. _934515 |
|
| 245 | 1 | 0 |
_aHistoire des théories de la production et de la distribution dans l'economie politique anglaise de 1776 a 1848 / _cpar Edwin Cannan ; traduction sur la 2me edition anglaise par H. E. Barrault et Maurice Alfassa, avec una introduction par H. E. Barrault. |
| 260 |
_aParis : _b[s.n.], _c1910 ( _eSaint-Amaud Cher : _fImp. Bussiere) |
||
| 300 |
_aXXXVII, 577 p. ; _c23 cm. |
||
| 490 | 1 | _aBibliothèque internationale d'économie politique | |
| 700 | 1 |
_aBarrault, H. E. _925868 |
|
| 700 | 1 |
_aAlfassa, Maurice. _919823 |
|
| 830 | 0 | 0 |
_aBibliothèque internationale d'économie politique _9181587 |
| 852 |
_aES-MaACL _jF-14142 |
||
| 999 |
_c39853 _d39853 |
||